|
|
|
|
| LEADER |
00000nam1a2200000 4500 |
| 001 |
670083 |
| 005 |
20241121063152.0 |
| 090 |
|
|
|a 670083
|
| 100 |
|
|
|a 20231227d2023 k||y0rusy50 ca
|
| 101 |
0 |
|
|a rus
|
| 102 |
|
|
|a RU
|
| 105 |
|
|
|a y z 101zy
|
| 135 |
|
|
|a drcn ---uucaa
|
| 181 |
|
0 |
|a i
|b e
|
| 182 |
|
0 |
|a b
|
| 183 |
|
0 |
|a cr
|2 RDAcarrier
|
| 200 |
1 |
|
|a Перспективные материалы конструкционного и функционального назначения
|e сборник научных трудов Международной научно-технической молодежной конференции, Томск, 11–15 декабря 2023 г.
|f Национальный исследовательский Томский политехнический университет ; ред. кол. С. П. Буякова, Б. С. Зенин, О. Ю. Ваулина [и др.]
|
| 203 |
|
|
|a Текст
|c электронный
|
| 210 |
|
|
|a Томск
|c Изд-во ТПУ
|d 2023
|
| 215 |
|
|
|a 1 файл (33,8 Мб, 378 с.)
|c pdf
|
| 283 |
|
|
|a online_resource
|
| 300 |
|
|
|a Заглавие с экрана
|
| 320 |
|
|
|a Библиография в конце статей
|
| 330 |
|
|
|a Международная научно-техническая молодежная конференция «Перспективные материалы конструкционного и функционального назначения» посвящена вопросам разработки передовых материалов, к которым относятся композиционные материалы, умные материалы, покрытия, тонкие пленки. Использование таких материалов в современном производстве позволит получать изделия с принципиально новыми эксплуатационными характеристиками. Результаты исследований, представленные на конференции, охватывают полный жизненный цикл перспективных материалов от подготовки исходных компонентов, условий формирования уникальных свойств характеристик до тестирования в условиях близких к эксплуатационным. Традиционно на конференции «Перспективные материалы конструкционного и функционального назначения» представлены результаты научных изысканий молодых исследователей. Ежегодная конференция – площадка для студентов томских университетов и молодых исследователей из НИИ Сибирского отделения Российской академии наук поделиться результатами своих исследований, обменяться мнениями, найти сторонников и поддержку. Материалы сборника трудов включают сообщения по вопросам прочности, пластичности и усталостной долговечности, результаты исследований в области создания наноструктурных материалов, тонких пленок, структуры и свойств покрытий. В сборнике трудов собраны результаты исследований в области развития аддитивных технологий.
|
| 606 |
1 |
|
|a Материаловедение
|2 stltpush
|3 (RuTPU)RU\TPU\subj\41248
|9 61053
|
| 610 |
1 |
|
|a электронный ресурс
|
| 610 |
1 |
|
|a труды учёных ТПУ
|
| 610 |
1 |
|
|a новые материалы
|
| 610 |
1 |
|
|a новые технологии
|
| 610 |
1 |
|
|a композиционные материалы
|
| 610 |
1 |
|
|a умные материалы
|
| 610 |
1 |
|
|a покрытия
|
| 610 |
1 |
|
|a тонкие пленки
|
| 610 |
1 |
|
|a перспективные материалы
|
| 610 |
1 |
|
|a материаловедение
|
| 610 |
1 |
|
|a надежность
|
| 610 |
1 |
|
|a функциональные материалы
|
| 610 |
1 |
|
|a модификации
|
| 610 |
1 |
|
|a поверхности
|
| 675 |
|
|
|a 620.22(063)
|v 4
|
| 702 |
|
1 |
|a Буякова
|b С. П.
|g Светлана Петровна
|c специалист в области материаловедения
|c профессор Томского политехнического университета, доктор технических наук
|f 1968-
|y Томск
|3 (RuTPU)RU\TPU\pers\28995
|4 340
|9 13716
|
| 702 |
|
1 |
|a Зенин
|b Б. С.
|c специалист в области материаловедения
|c доцент Томского политехнического университета, кандидат физико-математических наук
|f 1942-
|g Борис Сергеевич
|3 (RuTPU)RU\TPU\pers\29010
|4 340
|9 13730
|
| 702 |
|
1 |
|a Ваулина
|b О. Ю.
|c специалист в области материаловедения
|c доцент Томского политехнического университета, кандидат технических наук
|f 1978-
|g Ольга Юрьевна
|4 340
|9 15443
|
| 702 |
|
1 |
|a Васильева
|b И. Э.
|c специалист в области материаловедения
|c старший преподаватель Томского политехнического университета, заведующий лабораторией
|f 1963-
|g Инесса Эдвиновна
|4 340
|9 15328
|
| 712 |
1 |
2 |
|a Перспективные материалы конструкционного и функционального назначения
|b конференция
|e Томск
|f 2023
|
| 712 |
0 |
2 |
|a Национальный исследовательский Томский политехнический университет
|c (2009- )
|3 (RuTPU)RU\TPU\col\15902
|9 26305
|
| 801 |
|
2 |
|a RU
|b 63413507
|c 20231227
|g RCR
|
| 856 |
4 |
|
|u http://earchive.tpu.ru/handle/11683/77170
|z http://earchive.tpu.ru/handle/11683/77170
|
| 942 |
|
|
|c CF
|